Disney Princesses names - Statistics

General Stats
  • This quiz has been taken 644 times
  • The average score is 9 of 10
Answer Stats
Hint Answer % Correct
freeze power elsa
98%
mermaid ariel
97%
frozen little sister anna
96%
poisonous apple snow white
94%
sleeping beauty aurora
93%
...the beast belle
93%
a maid cinderella
92%
long golden... rapunzel
90%
a whole new world jasmine
87%
a frog and a kiss tiana
87%
No matching quizzes found
Score Distribution
Percent of People with Each Score
Percentile by Number Answered
Your Score History
You have not taken this quiz